| 000 | 00368nam a2200133 a 4500 | ||
|---|---|---|---|
| 005 | 20140414132100.0 | ||
| 008 | 100702s19uu xx 00 eng d | ||
| 050 |
_aTR 752 _bF979 2004 |
||
| 245 | _aFun colouring book. | ||
| 260 |
_aMalaysia : _bLittle Sun Sdn. Bhd. |
||
| 440 | _aKindergarten series | ||
| 650 |
_aDrawing- _xcoloring- _xactivity book. |
||
| 999 |
_c114440 _d114440 |
||